[Event "GER-ch Seniors 65 36th"]
[Site "Bad Wildungen"]
[Date "2024.08.27"]
[Round "5"]
[White "Larem, Ewald"]
[Black "Okrajek, Alexander"]
[Result "1-0"]
[WhiteElo "1998"]
[BlackElo "2172"]
[PlyCount "100"]
[EventDate "2024.08.25"]
[EventType "swiss"]
[EventRounds "9"]
[EventCountry "GER"]
[SourceTitle "CBM 221 Extra"]
[Source "ChessBase"]
[SourceDate "2024.09.30"]
[SourceVersion "1"]
[SourceVersionDate "2024.09.30"]
[SourceQuality "1"]

1. d4 Nf6 2. c4 e6 3. Nc3 Bb4 4. Qc2 c5 5. e3 0-0 6. a3 Bxc3+ 7. Qxc3 b6 8. Nf3 Bb7 9. Be2 d6 10. 0-0 Nbd7 11. Rd1 Qe7 12. b4 Rac8 13. Bb2 Ne4 14. Qb3 Ba8 15. Rac1 f5 16. Nd2 Ndf6 17. f3 Nxd2 18. Rxd2 cxd4 19. Rxd4 d5 20. Rcd1 h6 21. R4d2 Kh7 22. Be5 Rfd8 23. cxd5 Rxd5 24. Qb2 Rcd8 25. Bc4 Rxd2 26. Rxd2 Rxd2 27. Qxd2 Qd7 28. Qd4 Qxd4 29. exd4 Bd5 30. Bb5 Bb7 31. Bb8 a6 32. Bc4 Nd5 33. Kf2 b5 34. Ba2 g5 35. Be5 h5 36. Bb3 Bc6 37. Ke2 Kg6 38. Bc2 Nb6 39. Bd3 Bd5 40. Bc7 Na4 41. Kd2 Bb3 42. Bd8 g4 43. fxg4 hxg4 44. g3 Kf7 45. Bf1 Bd5 46. Kc2 Ke8 47. Bc7 Kd7 48. Ba5 Kc6 49. Bd8 Be4+ 50. Kb3 Kd5 1-0

[Event "Rottach Egern Seniors Cup 12th"]
[Site "Rottach Egern"]
[Date "2024.04.08"]
[Round "3"]
[White "Larem, Ewald"]
[Black "Launert, Martin"]
[Result "1-0"]
[WhiteElo "2016"]
[BlackElo "1861"]
[PlyCount "75"]
[EventDate "2024.04.06"]
[EventType "swiss"]
[EventRounds "9"]
[EventCountry "GER"]
[SourceTitle "CBM 219 Extra"]
[Source "ChessBase"]
[SourceDate "2024.05.31"]
[SourceVersion "1"]
[SourceVersionDate "2024.05.31"]
[SourceQuality "1"]

1. d4 d5 2. c4 dxc4 3. Nf3 Nf6 4. Nc3 a6 5. a4 Nc6 6. e4 Na5 7. Bg5 h6 8. Bh4 g5 9. Bg3 Bg4 10. d5 Bg7 11. Be2 Nh5 12. 0-0 Nxg3 13. hxg3 0-0 14. Nd2 Bxe2 15. Qxe2 c6 16. Nxc4 Nxc4 17. Qxc4 cxd5 18. exd5 Rc8 19. Qb3 Qd7 20. Rad1 Rfd8 21. Rfe1 Bxc3 22. bxc3 b5 23. axb5 axb5 24. Rd4 Rc5 25. Red1 Rdc8 26. R1d3 Qc7 27. d6 exd6 28. Rxd6 Rxc3 29. Qxb5 Rc5 30. Qb3 Rb8 31. Qa2 Ra5 32. Qe2 Rb1+ 33. Kh2 Raa1 34. Qe8+ Kh7 35. Qe4+ Kg7 36. Qe5+ Kh7 37. Qf5+ Kg7 38. Qf6+ 1-0

[Event "Berlin-ch Seniors op 39th"]
[Site "Berlin"]
[Date "2023.02.01"]
[Round "9"]
[White "Taeubert, Peter"]
[Black "Larem, Ewald"]
[Result "1-0"]
[WhiteElo "1892"]
[BlackElo "2129"]
[PlyCount "67"]
[EventDate "2023.01.24"]
[EventType "swiss"]
[EventRounds "9"]
[EventCountry "GER"]
[SourceTitle "CBM 212 Extra"]
[Source "ChessBase"]
[SourceDate "2023.03.31"]
[SourceVersion "1"]
[SourceVersionDate "2023.03.31"]
[SourceQuality "1"]

1. c4 e6 2. b3 d5 3. cxd5 exd5 4. Bb2 Nf6 5. g3 Be7 6. Nf3 0-0 7. Bg2 Re8 8. 0-0 c6 9. d3 h6 10. e3 Bf5 11. Nc3 Na6 12. a3 Nc5 13. Ne1 a5 14. d4 Nce4 15. Nd3 Bd6 16. Na4 Nd7 17. f3 Nef6 18. Qd2 Qe7 19. Rfe1 g5 20. Nf2 Bg6 21. e4 dxe4 22. fxe4 Bc7 23. Rac1 Rac8 24. b4 axb4 25. axb4 Bb8 26. Nc5 Nxc5 27. bxc5 Rcd8 28. Qc3 Qd7 29. Rcd1 Re7 30. Qf3 Qe6 31. d5 Nxd5 32. Rf1 g4 33. Nxg4 Bxe4 34. Nf6+ 1-0

[Event "GER-ch Seniors 65 34th"]
[Site "Magdeburg"]
[Date "2022.08.18"]
[Round "7"]
[White "Boidman, Yuri"]
[Black "Larem, Ewald"]
[Result "1-0"]
[WhiteElo "2286"]
[BlackElo "2124"]
[PlyCount "25"]
[EventDate "2022.08.12"]
[EventType "swiss"]
[EventRounds "9"]
[EventCountry "GER"]
[SourceTitle "CBM 209 Extra"]
[Source "ChessBase"]
[SourceDate "2022.09.30"]
[SourceVersion "1"]
[SourceVersionDate "2022.09.30"]
[SourceQuality "1"]

1. e4 e6 2. Nf3 d5 3. Nc3 Nf6 4. e5 Nfd7 5. Ne2 c5 6. c3 Nc6 7. d4 cxd4 8. cxd4 f6 9. Nf4 Qe7 10. Bd3 fxe5 11. dxe5 g6 12. Nxg6 hxg6 13. Bxg6+ 1-0